书目信息 |
| 题名: |
室外室内灯光照明设计资料集 第二册
|
|
| 作者: | 张景然 主编 | |
| 分册: | ||
| 出版信息: | 北京 中国大百科全书出版社 1992.08 |
|
| 页数: | 240页 | |
| 开本: | 16开 | |
| 丛书名: | ||
| 单 册: | ||
| 中图分类: | TU238.2 | |
| 科图分类: | ||
| 主题词: | 建筑设计 | |
| 电子资源: | ||
| ISBN: | 7-5000-5372-X | |
| 000 | 00644nam0 2200193 45 | |
| 001 | 0005311611 | |
| 005 | 20000531165048.5 | |
| 010 | @a7-5000-5372-X@d89.00元 | |
| 100 | @a20000531d1992 km y0chiy0120 ea | |
| 101 | @achi | |
| 105 | @a z 000yy | |
| 200 | 1 | @a室外室内灯光照明设计资料集 第二册@AShi Wai Shi Nei Deng Guang Zhao Ming She Ji Zi Liao Ji Di Er Ce@f张景 然,张少江主编@FZhang Jing Ran,Zhang Shao Jiang ZhuBian |
| 210 | @a北京@c中国大百科全书出版社@d1992.08 | |
| 215 | @a240页@d16开 | |
| 606 | 0 | @a建筑设计 |
| 690 | @aTU238.2@v3 | |
| 701 | @a张景然@4主编 | |
| 801 | @aCN@bPftUser@c20000531 | |
| 905 | @b57648-649@dTU238.2@eZH707:2@f2 | |
| 室外室内灯光照明设计资料集 第二册/张景 然,张少江主编.-北京:中国大百科全书出版社,1992.08 |
| 240页;16开 |
| ISBN 7-5000-5372-X:89.00元 |
| ● |
| 相关链接 |
|
|
|
正题名:室外室内灯光照明设计资料集第二册
索取号:TU238.2/ZH707:2
 
预约/预借
| 序号 | 登录号 | 条形码 | 馆藏地/架位号 | 状态 | 备注 |
| 1 | 57648 | 200576484 | 建筑库101/101建筑库 56排4列5层/ [索取号:TU238.2/ZH707:2] | 在馆 | |
| 2 | 57649 | 200576493 | 建筑库101/101建筑库 56排4列5层/ [索取号:TU238.2/ZH707:2] | 在馆 |